| 000 | 02006nam a2200421 i 4500 | ||
|---|---|---|---|
| 001 | ebr10806014 | ||
| 003 | CaPaEBR | ||
| 006 | m o d | ||
| 007 | cr cn||||||||| | ||
| 008 | 110908t20122012njua ob 000 0 eng|d | ||
| 020 | _z9781617110382 (alk. paper) | ||
| 020 | _z1617110388 (alk. paper) | ||
| 020 | _a9781617116520 (e-book) | ||
| 040 |
_aCaPaEBR _beng _erda _epn _cCaPaEBR |
||
| 035 | _a(OCoLC)874967946 | ||
| 050 | 1 | 4 |
_aRE451 _b.C43 2012eb |
| 082 | 0 | 4 |
_a617.7/42059 _223 |
| 100 | 1 |
_aChang, David F., _d1954- |
|
| 245 | 1 | 0 |
_aCataracts : _ba patient's guide to treatment / _cDavid F. Chang. |
| 250 | _aSecond edition. | ||
| 264 | 1 |
_aThorofare, NJ : _bSlack Incorporated, _c[2012] |
|
| 264 | 4 | _c�2012 | |
| 300 |
_a1 online resource (147 pages) : _billustrations (some color) |
||
| 336 |
_atext _2rdacontent |
||
| 337 |
_acomputer _2rdamedia |
||
| 338 |
_aonline resource _2rdacarrier |
||
| 500 | _aOriginally published: Omaha, NE : Addicus Books, c2011. | ||
| 504 | _aIncludes bibliographical references. | ||
| 505 | 0 | _aHow the human eye works -- Understanding cataracts -- Getting a diagnosis -- Your intraocular lens -- Planning for cataract surgery -- Undergoing cataract surgery -- Recovering from surgery -- Reducing dependence on eyeglasses -- Special conditions & cataract surgery. | |
| 588 | _aDescription based on print version record. | ||
| 590 | _aElectronic reproduction. Palo Alto, Calif. : ebrary, 2013. Available via World Wide Web. Access may be limited to ebrary affiliated libraries. | ||
| 650 | 0 |
_aCataract _xSurgery. |
|
| 650 | 0 | _aPatient education. | |
| 655 | 0 | _aElectronic books. | |
| 776 | 0 | 8 |
_iPrint version: _aChang, David F. _tCataracts : a patient's guide to treatment. _dThorofare, NJ : Slack Incorporated, [2012] _h132 pages ; 22 cm _z9781617110382 _w(OCoLC)ocn751780651 _w(DLC)10806014 |
| 797 | 2 | _aebrary. | |
| 856 | 4 | 0 |
_uhttp://site.ebrary.com/lib/rucke/Doc?id=10806014 _zAn electronic book accessible through the World Wide Web; click to view |
| 999 |
_c146927 _d146927 |
||